000
00327pam a2200157a 44500
008
230515b2011 xxu||||| |||| 00| 0 eng d
020
_a
NULL
041
_a
ENGLISH
082
_a
ND
100
_a
MARK
245
_a
TRUMATIC BRAIN INJURY
250
_a
1
260
_a
_b
C B S PUB
_c
2011
300
_a
1044
650
_a
NULL
999
_c
562193
_d
562193